000 00399nam a2200157Ia 4500
008 100122s9999 xx 000 0 und d
082 _b38872
_a320.1
100 _aSAXE COMMINS
245 _aTHE POLITICAL PHILOSOPHERS
250 _a0
260 _bMODERN POCKET LIBRAY
_c1905
300 _a491
630 _aTHE POLITICAL PHILOSOPHERS
730 _aTHE POLITICAL PHILOSOPHERS
942 _cBOOK
999 _c372182
_d372179